|
|
|
|
| LEADER |
00897nam a22002292a 4500 |
| 001 |
001174198 |
| 003 |
CZ BrMZK |
| 005 |
20120417153135.0 |
| 007 |
ta |
| 008 |
111013s1978 xo er|||||||||||slo d |
| 040 |
|
|
|a ABA001
|b cze
|c ABA001
|d ABA001
|
| 245 |
0 |
0 |
|a Metodické odporúčania zostavovania plánov sociálno-ekonomického rozvoja kolektívov pracujúcich v poľnohospodárskych a potravinárskych podnikoch /
|c Dušan Sagara ... [et al.]
|
| 250 |
|
|
|a 1. vyd.
|
| 260 |
|
|
|a Bratislava :
|b Príroda,
|c 1978
|
| 300 |
|
|
|a 60 s. :
|b tb. ;
|c 8°
|
| 490 |
1 |
|
|a Edícia Ministerstva poľnohospodárstva a výživy SSR
|
| 700 |
1 |
|
|a Sagara, Dušan
|7 jx20051223019
|4 aut
|
| 830 |
|
0 |
|a Edícia Ministerstva poľnohospodárstva a výživy SSR
|
| 910 |
|
|
|a BOA001
|b 2-0791.755
|
| 990 |
|
|
|a BK
|
| 991 |
|
|
|b 201110
|
| 996 |
7 |
|
|b 2619436387
|c 2-0791.755
|l MZK
|r Sklad / do 1 hodiny
|n 0
|w 001207750
|u 000010
|a 1
|e BOA001
|j MZK50
|s A
|